=LDR 00000nam 2200000 4500 =001 INLIS000000000011171 =005 20201217070310 =035 ##$$a 0010-061300000011171 =008 201217################g##########0#ind## =041 ##$$a Ind =082 ##$$a 336.22 =090 ##$$a 336.22, Had d =100 1#$$a Hadi, Mulyo =245 1#$$a Dasar-dasar penagihan pajak Negara. /$c H. Moeljo Hadi, S.H. =260 ##$$a Jakarta :$b Raja Grfika,$c 1995 =300 ##$$a xxvi, 202 hlm ; $c 21x14 cm =850 ##$$a NBPNMAT =020 ##$$a 979-421-385-3 =084 ##$$a 336.22 HAD d =250 ##$$a cet.1 =650 #4$$a Pajak =990 ##$$a 99.214/Pro-96 =990 ##$$a 81.907/Pro-95 =990 ##$$a 81.908/Pro-95 =990 ##$$a 81.907/Pro-95 =990 ##$$a 99.214/Pro-96 =990 ##$$a 81.908/Pro-95 =990 ##$$a 99.214/Pro-96 =990 ##$$a 81.907/Pro-95 =990 ##$$a 81.908/Pro-95